Statistiques concernant Joueurs Trackmania A-Z

Cliquez ici pour prendre le quiz!

Statistiques générales

  • Ce quiz a été pris 82 fois
  • Le résultat moyen est 12 sur 21

Statistiques - réponses

LettrePseudo% Correct
CCarlJr / Cap / Cocow / Capuccino
100%
BBren / Binkss / Badlulu / Bosswanted
96%
AAffi / Aurel / Acide / Akross / Ayako / Alfadream / Arthaniir
93%
GGwen / Granady / Glast
88%
PPac / Papou / Phegley / Plastorex
84%
MMassa / Mudda / Micka / Mime / Miquatro / Matt / MarciN / Marius89 / MimoJr
75%
SSpamiej / Snow / Soulja / Scrapie / Sandder / Skandear / Sam
75%
WWally / Wosile / Worker / Wingobear
74%
YYannex
74%
RRacehans / Raceta / Richie / Revolution / Razii / Riolu / Rollin / Rin
53%
KKappa / Koenz
49%
TTricky / Tween / Tjalic
47%
HHaëdra / Hugo220 / Heav
42%
LLars / Link / Legu18
42%
XXerar
37%
DDarkeR / Dofault / DeviL / Dark / Danio
33%
OOtaaaq
30%
EEvoN
26%
JJaviflyer
21%
NNRGZ / Nixotica
21%
FFunnybear
2%

Distribution des résultats

Percentile par nombre de réponses

% des personnes avec chaque résultat

Votre développement - résultats

Vous n’avez pas pris ce quiz